zpět

Detail výsledku týmu

Bar U Souseda, Plzeň

Datum a čas kvízu

28.5 Celkem bodů Celkový počet nahraných bodů na tomto kvízu bez doplňovacích otázek.
4. Pořadí na kvízu Konečné umístění týmu na tomto kvízu.

Zaznamenané odpovědi

# Otázka Odpověď Body Výsledky
1. Spisovatelka a signatářka Char... Lenka Procházková 0
2. Americká vláda chce vyčlenit 7... Maďarsko 0
3. Odpolední sobotní program fest... Milovice 0
4. Cena zeleniny u nás stále stou... o cibuli 1
5. Minulý týden bylo poměrně přek... Filip Pešán 1
6. K čemu slouží v Překladači Goo... pro nákres či nabídku znaků obrázkových abeced 0
7. Jestliže zadáme do předmětného... C) proč muži neposlouchají a ženy neumí číst v mapách 1
8. Při použití vyhledávače, o něm... easter egg (velikonoční vajíčko) 1
9. K čemu v době založení společn... úložiště dat 1
10. Koncept svátečního loga (tzv.... Den matek 1